[Event "Attica Cup Final"]
[Site "Athens"]
[Date "2008.03.09"]
[Round "2"]
[White "Sigalas, Frangiskos"]
[Black "Sotiriou, Hrisa"]
[Result "1-0"]
[WhiteElo "2268"]
[BlackElo "2196"]
[PlyCount "145"]
[EventDate "2008.03.08"]
[EventType "match"]
[EventRounds "2"]
[EventCountry "GRE"]
[SourceTitle "EXT 2011"]
[Source "ChessBase"]
[SourceDate "2010.11.26"]
[SourceVersion "1"]
[SourceVersionDate "2010.11.26"]
[SourceQuality "1"]

1. e4 Nf6 2. e5 Nd5 3. d4 d6 4. c4 Nb6 5. exd6 cxd6 6. Nc3 g6 7. Be3 Bg7 8. Rc1 0-0 9. b3 e5 10. dxe5 dxe5 11. Qxd8 Rxd8 12. c5 N6d7 13. Nf3 Nc6 14. Bc4 Na5 15. Be2 b6 16. Na4 bxc5 17. Nxc5 Nb6 18. 0-0 Nc6 19. Rfd1 h6 20. h3 Nd5 21. Bb5 Nce7 22. Bc4 Bf5 23. g4 Nxe3 24. fxe3 Rxd1+ 25. Rxd1 Rc8 26. gxf5 Rxc5 27. fxg6 Nxg6 28. e4 Rc7 29. a4 Bf6 30. a5 Kg7 31. a6 Be7 32. Kf1 Bc5 33. Rd8 Re7 34. Rd5 Bb6 35. Rb5 Kf6 36. Bd5 Nf4 37. Rxb6+ axb6 38. Bb7 Ne6 39. a7 Nc7 40. a8Q Nxa8 41. Bxa8 Rc7 42. Ke2 Kg6 43. Nxe5+ Kg5 44. Bd5 f5 45. exf5 Kxf5 46. Nc4 b5 47. Nd6+ Kf4 48. Nxb5 Rc5 49. Bc4 Kg3 50. Kd3 Kxh3 51. b4 Rg5 52. Nd4 h5 53. b5 Rg6 54. Be6+ Kh2 55. b6 Rg7 56. Bd5 Rh7 57. b7 Rh8 58. Nc6 h4 59. Be6 h3 60. Bc8 Kg1 61. b8Q h2 62. Qb1+ Kg2 63. Qb2+ Kg1 64. Qxh8 h1Q 65. Qxh1+ Kxh1 66. Ke3 Kg2 67. Bg4 Kg3 68. Be2 Kg2 69. Nd4 Kg3 70. Nf5+ Kh3 71. Kf2 Kh2 72. Bf1 Kh1 73. Ne3 1-0

[Event "Attica Cup Final"]
[Site "Athens"]
[Date "2008.03.08"]
[Round "1"]
[White "Sotiriou, Hrisa"]
[Black "Roumbeglis, Nikolaos"]
[Result "1-0"]
[WhiteElo "2196"]
[BlackElo "2215"]
[PlyCount "69"]
[EventDate "2008.03.08"]
[EventType "match"]
[EventRounds "2"]
[EventCountry "GRE"]
[SourceTitle "EXT 2011"]
[Source "ChessBase"]
[SourceDate "2010.11.26"]
[SourceVersion "1"]
[SourceVersionDate "2010.11.26"]
[SourceQuality "1"]

1. d4 Nf6 2. c4 Nc6 3. Nf3 e6 4. Nc3 Bb4 5. e3 0-0 6. Bd3 Re8 7. 0-0 e5 8. Nxe5 Nxe5 9. dxe5 Rxe5 10. Bd2 Bc5 11. Na4 Bf8 12. Bc3 Re8 13. Qc2 g6 14. e4 d6 15. f4 Bd7 16. Rae1 Bc6 17. b4 a6 18. Nb2 b5 19. e5 dxe5 20. fxe5 Nh5 21. e6 f5 22. Bxf5 Qg5 23. Be4 Bxe4 24. Rxe4 Bd6 25. Bd2 Qd8 26. c5 Be7 27. Bc3 Rf8 28. Rd1 Qe8 29. Nd3 Bg5 30. Ne5 Nf6 31. Nf7 Nxe4 32. Qxe4 Qe7 33. Rd7 Qxd7 34. exd7 Rxf7 35. Qxa8+ 1-0

[Event "GRE-ch U16 Girls"]
[Site "Chania"]
[Date "2003.04.22"]
[Round "4"]
[White "Sklavou, Stella Anna"]
[Black "Sotiriou, Hrisa"]
[Result "1/2-1/2"]
[WhiteElo "1365"]
[BlackElo "1500"]
[PlyCount "45"]
[EventDate "2003.04.??"]
[EventType "swiss"]
[EventRounds "7"]
[EventCountry "GRE"]
[SourceTitle "EXT 2005"]
[Source "ChessBase"]
[SourceDate "2004.11.15"]
[SourceVersion "1"]
[SourceVersionDate "2004.11.15"]
[SourceQuality "1"]

1. Nf3 Nf6 2. b3 g6 3. Bb2 Bg7 4. e3 d6 5. d4 0-0 6. Be2 Be6 7. Nbd2 Nbd7 8. c4 c6 9. 0-0 Re8 10. Qc2 b6 11. Rac1 Rc8 12. Rfd1 Kh8 13. Ng5 Nf8 14. Qb1 h6 15. Nxe6 Nxe6 16. Ne4 Nxe4 17. Qxe4 Ng5 18. Qb1 d5 19. c5 b5 20. f4 Ne4 21. Bd3 Nf6 22. Rf1 e6 23. Rce1 1/2-1/2

[Event "GRE-ch U14 Girls"]
[Site "Greece"]
[Date "2001.04.11"]
[Round "6"]
[White "Sotiriou, Hrisa"]
[Black "Manolaraki, Smaragda"]
[Result "0-1"]
[WhiteElo "1430"]
[BlackElo "1760"]
[PlyCount "64"]
[EventDate "2001.04.??"]
[EventType "swiss"]
[EventRounds "7"]
[EventCountry "GRE"]
[SourceTitle "EXT 2003"]
[Source "ChessBase"]
[SourceDate "2002.11.25"]
[SourceVersion "1"]
[SourceVersionDate "2002.11.25"]
[SourceQuality "1"]

1. e4 c5 2. b3 d6 3. Bb2 Nc6 4. Bb5 Bd7 5. Bxc6 Bxc6 6. d3 e6 7. f4 d5 8. e5 Ne7 9. d4 cxd4 10. Nf3 Nf5 11. Nxd4 Nxd4 12. Bxd4 Rc8 13. Qd3 Be7 14. Nc3 a6 15. a4 Bb4 16. 0-0 b5 17. Rf2 bxa4 18. bxa4 a5 19. Nb5 Bxb5 20. Qxb5+ Qd7 21. Qxd7+ Kxd7 22. Ra2 Rc4 23. Be3 Rhc8 24. Kf1 d4 25. Bd2 Rxc2 26. Rxc2 Rxc2 27. Bxb4 Rxf2+ 28. Kxf2 axb4 29. Ke2 Kc6 30. Kd2 Kb6 31. Kc2 Ka5 32. Kd3 b3 0-1